000 00815nam a22002297a 4500
999 _c1548
_d1548
003 AR-CdUCM
008 190227b ||||| |||| 00| 0 spa d
040 _aMUNICIPALIDAD PROVINCIAL DEL CUSCO
_cBIBLIOTECA MUNICIPAL DEL CUSCO
082 _a869.96 /
_bP45
100 _aPérez Valdés, Fernando
_95816
245 _aCorresponsales de guerra :
_btestimonio /
260 _aLa Habana :
_b Ediciones Casas de las Américas,
_c1981.
300 _a253 páginas ;
_c19 cm.
505 _aLa travesía de Emilio -- Sueño de Ramiro -- Primeras comuniones -- Moises y los guerrilleros -- Presentacion de Alvaro...
650 _aNicaragua
_92871
650 _aGuerrilla
_94746
650 _aPeriodismo
_91929
650 _aHistoria
_9136
650 _aSandinista
_95817
942 _2ddc
_cLIBROS
945 _admma
_d2019-02-27